Quantum computing : A short course from theory to experiment
Gespeichert in:
| 1. Verfasser: | |
|---|---|
| Format: | Buch |
| Sprache: | Undetermined |
| Veröffentlicht: |
Wiley- VCH
2004
|
| Schlagworte: | |
| Tags: |
Tag hinzufügen
Keine Tags, Fügen Sie den ersten Tag hinzu!
|
| Thư viện lưu trữ: | Trung tâm Học liệu Trường Đại học Cần Thơ |
|---|
| LEADER | 00524nam a2200193Ia 4500 | ||
|---|---|---|---|
| 001 | CTU_87553 | ||
| 008 | 210402s9999 xx 000 0 und d | ||
| 020 | |c 60.14 | ||
| 082 | |a 004.1 | ||
| 082 | |b S876 | ||
| 100 | |a Stolze, Joachim | ||
| 245 | 0 | |a Quantum computing : | |
| 245 | 2 | |b A short course from theory to experiment | |
| 245 | 0 | |c Joachim Stolze, Dieter Suter | |
| 260 | |b Wiley- VCH | ||
| 260 | |c 2004 | ||
| 650 | |a Quantum computing | ||
| 904 | |i Trúc | ||
| 980 | |a Trung tâm Học liệu Trường Đại học Cần Thơ | ||